[Event "Kval Kadettallsvenskan,GBG"]
[Site "Gothenburg"]
[Date "2018.04.14"]
[Round "1.5"]
[White "Petersson, David"]
[Black "Nordin, Oscar"]
[Result "0-1"]
[WhiteElo "1414"]
[BlackElo "1359"]
[WhiteFideId "1738658"]
[BlackFideId "1742302"]

1.e4 e5 2.Nf3 Nc6 3.Bc4 Nf6 4.Ng5 d5 5.exd5 Nxd5 6.d4 h6 7.Nxf7 Kxf7 8.
Qf3+ Ke6 9.Nc3 Nb4 10.O-O c6 11.Re1 Qf6 12.Rxe5+ Kf7 13.Qe2 Be6 14.Bxd5 
cxd5 15.Nb5 Bd7 16.Nc7 Rc8 17.Nxd5 Nxd5 18.Rxd5 Bc6 19.Ra5 Re8 20.Qd1 Bb4 
21.Bd2 Bxa5 22.Bxa5 Qg6 23.g3 Qe4 24.Qh5+ Kg8 25.f3 Qe3+ 26.Kg2 Rf8 27.Re1
Bxf3+ 28.Qxf3 Qxf3+ 29.Kh3 Rf5 30.Re5 Rh5+ 31.Rxh5 Qxh5+ 32.Kg2 Kh7 33.Bc3
Re8 34.Kf2 Qe2+ 35.Kg1 Qe3+ 36.Kg2 Qe2+ 37.Kg1 Qd1+ 38.Kg2 Re2+ 39.Kh3 
Qf1+ 40.Kg4 Re4+ 41.Kh5 Qf5# 0-1

[Event "Kval Kadettallsvenskan,GBG"]
[Site "Gothenburg"]
[Date "2018.04.14"]
[Round "1.8"]
[White "Soderquist, Olof"]
[Black "Carlander-Strandang, Love"]
[Result "0-1"]
[WhiteElo "1359"]
[BlackElo "1339"]
[WhiteFideId "1745093"]
[BlackFideId "1739689"]

1.e4 e5 2.Nc3 Bc5 3.Nf3 d6 4.Bc4 Nc6 5.b3 Nf6 6.Ng5 O-O 7.Nd5 Nxd5 8.exd5 
Qxg5 9.O-O Nd4 10.g3 Qg6 11.Bd3 e4 12.Bc4 Bg4 13.f3 Ne2+ 14.Kg2 exf3+ 15.
Rxf3 Bxf3+ 16.Kxf3 Nd4+ 17.Kg2 Rfe8 18.Bd3 Qf6 19.Bb2 Qe5 20.Qg4 g6 21.c3 
Qxd5+ 0-1

[Event "Kval Kadettallsvenskan,GBG"]
[Site "Gothenburg"]
[Date "2018.04.14"]
[Round "3.3"]
[White "Nabbing, Oscar"]
[Black "Torngren, Gustav"]
[Result "0-1"]
[WhiteElo "1456"]
[BlackElo "1906"]
[WhiteFideId "1738313"]
[BlackFideId "1728970"]

1.e4 c5 2.Nc3 b6 3.f4 Bb7 4.Nf3 e6 5.Bc4 d6 6.d3 Nf6 7.O-O a6 8.a3 Be7 9.
Qe1 O-O 10.e5 dxe5 11.fxe5 Nd5 12.Qg3 Kh8 13.d4 cxd4 14.Nxd4 Bc5 15.Rd1 
Nc6 16.Ne2 b5 17.Bxd5 Qxd5 18.c3 Qxe5 19.Qxe5 Nxe5 20.Bf4 Ng6 21.Be3 Rad8 
22.Kh1 Nh4 23.Nc2 Bxg2+ 24.Kg1 Bxe3+ 25.Nxe3 Bf3 26.Re1 Rd2 27.Nf4 Rxb2 
28.c4 Bc6 29.Red1 Nf3+ 30.Kf1 Nxh2+ 31.Kg1 Nf3+ 32.Kf1 Nd2+ 33.Ke1 Nf3+ 
34.Kf1 bxc4 35.Nxc4 Bb5 36.Rdc1 Bxc4+ 37.Rxc4 Nd2+ 38.Ke1 Nxc4 39.Nd3 Rh2 
40.Nf2 Ne5 41.Ke2 Ng4 42.Rf1 Rxf2+ 43.Rxf2 Nxf2 0-1

[Event "Kval Kadettallsvenskan,GBG"]
[Site "Gothenburg"]
[Date "2018.04.15"]
[Round "4.2"]
[White "Nabbing, Oscar"]
[Black "Strom-Engdahl, Alexander"]
[Result "0-1"]
[WhiteElo "1456"]
[BlackElo "1720"]
[WhiteFideId "1738313"]
[BlackFideId "1741586"]

1.e4 Nf6 2.Nc3 d5 3.e5 Ng8 4.d4 e6 5.Bd3 c5 6.Nf3 Nc6 7.Bb5 Ne7 8.Bxc6+ 
Nxc6 9.Ne2 Qb6 10.c3 Bd7 11.Rb1 Rc8 12.Be3 Be7 13.O-O O-O 14.Qd3 cxd4 15.
Nfxd4 Nxe5 16.Qd2 Nc4 17.Qc1 Nxe3 18.Qxe3 Bf6 19.h3 e5 20.Nc2 Bf5 21.Qxb6 
axb6 22.Rbc1 Bd3 23.Rfe1 Bg5 24.Kf1 Bxc1 25.Rxc1 d4 26.Ke1 Bxe2 27.Kxe2 
dxc3 28.Rb1 cxb2 29.Rxb2 Rfd8 30.Ne3 Rc6 31.Rb5 f6 32.Kf3 Kf7 33.Nd5 Rc5 
34.Rxc5 bxc5 35.Ke4 c4 36.g4 Rxd5 37.Kxd5 c3 0-1

[Event "Kval Kadettallsvenskan,GBG"]
[Site "Gothenburg"]
[Date "2018.04.15"]
[Round "5.9"]
[White "Carlander-Strandang, Love"]
[Black "Johansson, William"]
[Result "0-1"]
[WhiteElo "1339"]
[BlackElo "1462"]
[WhiteFideId "1739689"]
[BlackFideId "1744070"]

1.e4 e5 2.Nf3 Nc6 3.Bc4 Bc5 4.Nc3 d6 5.d3 Bg4 6.h3 Bh5 7.g4 Bg6 8.Bg5 f6 
9.Bh4 Nge7 10.Nd5 Nxd5 11.Bxd5 Qd7 12.c3 a5 13.d4 exd4 14.cxd4 Bb4+ 15.Ke2
a4 16.Nd2 Nxd4+ 17.Ke3 c5 18.a3 Bxd2+ 19.Qxd2 Bf7 20.Bxf7+ Qxf7 21.Rab1 
O-O 22.Bg3 d5 23.Bd6 Rfc8 24.Bxc5 Nb3 25.Qxd5 Qxd5 26.exd5 Rxc5 27.Rhd1 
Rd8 28.d6 Re5+ 29.Kf4 g5+ 30.Kf3 Re6 31.d7 Re7 32.Rd6 Rexd7 33.Rxf6 Nd2+ 
34.Kg2 Nxb1 35.Rf5 Rd5 36.Rf6 R8d6 37.Rf3 Nd2 38.Re3 Kf7 39.Rc3 Rc6 40.Re3
Nc4 41.Rf3+ Rf6 42.Rc3 Nxb2 43.Rc7+ Kg6 44.Rxb7 Nd3 45.f3 Ne5 46.Rb4 Rd2+ 
47.Kf1 Rxf3+ 48.Ke1 Ra2 49.Rb6+ Rf6 50.Rb5 Nd3+ 0-1

[Event "Kval Kadettallsvenskan,GBG"]
[Site "Gothenburg"]
[Date "2018.04.15"]
[Round "6.9"]
[White "Johansson, William"]
[Black "Torngren, Alexander"]
[Result "1-0"]
[WhiteElo "1462"]
[BlackElo "1214"]
[WhiteFideId "1744070"]
[BlackFideId "1728962"]

1.d4 d5 2.Bf4 Nf6 3.e3 Bf5 4.Nf3 Nbd7 5.Nbd2 e6 6.Be2 Bd6 7.Ne5 O-O 8.Ndf3
Nh5 9.Bg3 Nxg3 10.hxg3 f6 11.Nxd7 Qxd7 12.Nh4 Bg6 13.Nxg6 hxg6 14.Bd3 f5 
15.Qe2 c5 16.c3 c4 17.Bc2 b5 18.g4 Kf7 19.gxf5 exf5 20.Qf3 Qe6 21.Kd2 Rh8 
22.g4 Kf6 23.gxf5 gxf5 24.Rag1 Rxh1 25.Qxh1 g6 26.Qh7 Qf7 27.Qh4+ Kg7 28.
Qg5 Be7 29.Qf4 Rf8 30.Qh2 Rh8 31.Qf4 Rh5 32.Bd1 g5 33.Bxh5 Qxh5 34.Qe5+ 
Bf6 35.Qxf5 Qh7 36.Qxh7+ Kxh7 37.Rg3 Kh8 38.Rf3 a5 39.Rh3+ 1-0